| 000 | 00479nam a2200169Ia 4500 | ||
|---|---|---|---|
| 999 |
_c37432 _d37432 |
||
| 003 | OSt | ||
| 005 | 20201001160509.0 | ||
| 008 | 190216s9999||||xx |||||||||||||| ||und|| | ||
| 040 | _colcl | ||
| 082 |
_a616.96 _bCHA/P |
||
| 100 |
_aChatterjee, K D _95293 |
||
| 245 | 0 |
_aParasitology / _cK D Chatterjee |
|
| 260 |
_bChaterjee Medical Publishers, _c1981. _aCalcutta: |
||
| 300 | _a238p | ||
| 650 | _aZoology | ||
| 942 |
_cBK _2ddc _h616.96 _iCHA/P _k616.96 _mCHA/P |
||